[Event "FRG-CupT"]
[Site "Germany"]
[Date "1990.??.??"]
[Round "?"]
[White "Huebner, Robert"]
[Black "Armas, Iulius"]
[Result "1/2-1/2"]
[WhiteElo "2595"]
[BlackElo "2480"]

1.e4 c5 2.Nf3 d6 3.Nc3 Nf6 4.d4 cxd4 5.Nxd4 a6 6.Be2 e5 7.Nb3 Be7 8.O-O O-O
9.Qd3 Nc6 10.Qg3 Be6 11.f4 Nd4 12.Bd1 Bc4 13.Re1 exf4 14.Qxf4 Nxb3 15.axb3 Be6
16.Be3 Qc7 17.Bd4 Nd7 18.Bg4 Ne5 19.Bf5 Bf6 20.Rad1 Qe7 21.Qd2 g6 22.Bxe6 fxe6
23.Ne2 Bg5 24.Be3 Bxe3+ 25.Qxe3 Qh4 26.h3 Rf7 27.Rf1 Raf8 28.Rxf7 Rxf7 29.c3 g5
30.Qg3 Qxg3 31.Nxg3 Rd7 32.Nh5 Rd8 33.Kf2 Kf7 34.Ke3 Ke7 35.Rf1 Rf8 36.Rxf8  1/2-1/2

[Event "Munich"]
[Site "Munich"]
[Date "1990.??.??"]
[Round "?"]
[White "Gulko, Boris F"]
[Black "Huebner, Robert"]
[Result "1/2-1/2"]
[WhiteElo "2610"]
[BlackElo "2595"]

1.c4 e5 2.g3 Nf6 3.Bg2 d5 4.cxd5 Nxd5 5.Nf3 Nc6 6.O-O Nb6 7.Nc3 Be7 8.a3 O-O
9.b4 Be6 10.Rb1 f6 11.d3 Nd4 12.Bb2 Nxf3+ 13.Bxf3 c6 14.Qc2 Qe8 15.Ne4 Ba2
16.Rbc1 Bd5 17.Nd2 Qf7 18.d4 exd4 19.Bxd4 Rfd8 20.Rfd1 Rd7 21.Bxd5 Rxd5 22.Nb3 Rad8
23.Bc5 Rxd1+ 24.Rxd1 Rxd1+ 25.Qxd1 Nc4 26.Bxe7 Qxe7 27.Nc5 b6 28.Nd3 g5 29.Nb2 Nxb2
30.Qb3+ Kg7 31.Qxb2 c5 32.bxc5 Qxc5 33.Qb3 b5 34.Qd3 Qc1+ 35.Kg2 Qc6+ 36.f3 a6
37.Qd4 Qe6  1/2-1/2

[Event "Novi Sad ol (Men)"]
[Site "Novi Sad"]
[Date "1990.??.??"]
[Round "3"]
[White "Torre, Eugenio"]
[Black "Huebner, Robert"]
[Result "0-1"]
[WhiteElo "2530"]
[BlackElo "2585"]

1.e4 c5 2.Nf3 e6 3.c3 d5 4.e5 d4 5.cxd4 cxd4 6.Bb5+ Bd7 7.Nxd4 Bxb5 8.Nxb5 a6
9.N5c3 Nc6 10.O-O Nge7 11.Na3 Nf5 12.Nc2 Bc5 13.Ne4 Bd4 14.Nd6+ Nxd6 15.Nxd4 Nxd4
16.exd6 Qxd6 17.b3 O-O 18.Bb2 Rad8 19.Rc1 Nc6 20.Qg4 e5 21.Bc3 f6 22.f4 exf4
23.Qxf4 Qxf4 24.Rxf4 Rfe8 25.Kf1 Kf7 26.Re1 Rxe1+ 27.Kxe1 Ke6 28.Ke2 Rd7
29.g4 Rd5 30.Re4+ Kf7 31.h3 h5 32.Kf3 Nd8 33.Rd4 Rxd4 34.Bxd4 hxg4+ 35.hxg4 Ke6
36.Ke4 g6 37.Bc3 Nc6 38.a3 f5+ 39.gxf5+ gxf5+ 40.Kf4 Ne7 41.Bd4 Nd5+ 42.Kg5 Nc7
43.Kf4 Nb5 44.Bb2 Nd6 45.d3 Nb5 46.Kg5 Na7 47.Kf4 Nc6 48.Bc3 Nb8 49.Ke3 Kd5
50.Kf4 Nd7 51.Kxf5 Nc5 52.Kf4 Nxd3+ 53.Ke3 Nc1 54.Bg7 Nxb3 55.Kd3 Nc5+ 56.Kc3 a5
57.Bf8 Kc6 58.Kc4 Nd7 59.Be7 Nb6+ 60.Kb3 Kb5 61.Bd8 Na4 62.Be7 Nc5+ 63.Kc3 Ne6
64.Kb3 Nd4+ 65.Kc3 Nc6 66.Bd6 Ka4 67.Kb2 Nd4 68.Bc5 Ne2 69.Bf8 Kb5 70.Kb3 a4+
71.Kb2  0-1

[Event "Bundesliga 9091"]
[Site "Germany"]
[Date "1991.??.??"]
[Round "?"]
[White "Haba, Petr"]
[Black "Huebner, Robert"]
[Result "1/2-1/2"]
[WhiteElo "2465"]
[BlackElo "2620"]

1.d4 Nf6 2.c4 e6 3.g3 d5 4.Bg2 Bb4+ 5.Nd2 O-O 6.Nf3 dxc4 7.Qc2 b5 8.a4 bxa4
9.O-O Bb7 10.Nxc4 c5 11.Bg5 Nc6 12.dxc5 Bxc5 13.Qxa4 Qe7 14.Rac1 Rac8 15.Be3 Bxe3  1/2-1/2

[Event "EUCup final"]
[Site "Solingen"]
[Date "1991.??.??"]
[Round "1"]
[White "Kharitonov, Andrei Y"]
[Black "Huebner, Robert"]
[Result "1/2-1/2"]
[WhiteElo "2490"]
[BlackElo "2620"]

1.c4 e5 2.Nc3 Nf6 3.Nf3 Nc6 4.g3 d5 5.cxd5 Nxd5 6.Bg2 Nb6 7.O-O Be7 8.d3 O-O
9.a3 Be6 10.Be3 Nd5 11.Bd2 Qd7 12.Rc1 Rad8 13.Ne4 f6 14.Nc5 Bxc5  1/2-1/2

[Event "EUCup final"]
[Site "Solingen"]
[Date "1991.??.??"]
[Round "2"]
[White "Huebner, Robert"]
[Black "Kharitonov, Andrei Y"]
[Result "1/2-1/2"]
[WhiteElo "2620"]
[BlackElo "2490"]

1.e4 c6 2.d3 d5 3.Nd2 e5 4.Ngf3 Bd6 5.g3 Nf6 6.Bg2 O-O 7.O-O Nbd7 8.Re1 Re8
9.c3 a5 10.d4 exd4 11.Nxd4 dxe4 12.Nxe4 Nxe4 13.Rxe4 Rxe4 14.Bxe4 Nf6 15.Bg2 Bg4
16.Qa4 Qb6 17.Qb3 Bc5 18.Qxb6  1/2-1/2

[Event "SWZ-chT"]
[Site "?"]
[Date "1991.??.??"]
[Round "?"]
[White "Huebner, Robert"]
[Black "Trepp, Markus"]
[Result "1-0"]
[WhiteElo "2620"]
[BlackElo "2375"]

1.e4 c5 2.Nf3 d6 3.d4 Nf6 4.dxc5 Qa5+ 5.Bd2 Qxc5 6.Bd3 e6 7.O-O Be7 8.c4 b6
9.b4 Qc7 10.Nc3 Nbd7 11.Rc1 Bb7 12.Re1 O-O 13.Nd4 Rfe8 14.f4 g6 15.Nb3 a6
16.a4 Rab8 17.Qe2 Bf8 18.h3 Ba8 19.Qf2 Bg7 20.Rb1 h6 21.a5 bxa5 22.Nxa5 Nh7
23.Ne2 f5 24.exf5 exf5 25.Nd4 Qb6 26.Ne6 Qxf2+ 27.Kxf2 Ne5 28.fxe5 Rxe6 29.exd6 Rxd6
30.Bf4 Rxd3 31.Bxb8 Ng5 32.Rbd1 Ne4+ 33.Kg1 Rg3  1-0

[Event "Munich"]
[Site "Munich"]
[Date "1992.??.??"]
[Round "9"]
[White "Wahls, Matthias"]
[Black "Huebner, Robert"]
[Result "1/2-1/2"]
[WhiteElo "2570"]
[BlackElo "2615"]

1.e4 e5 2.Nf3 Nc6 3.Bb5 a6 4.Ba4 Nf6 5.O-O Be7 6.Re1 b5 7.Bb3 O-O 8.c3 d6
9.h3 Na5 10.Bc2 c5 11.d4 Qc7 12.Nbd2 Bd7 13.Nf1 Nc4 14.b3 Nb6 15.Ne3 c4 16.bxc4 Nxc4
17.Nxc4 bxc4 18.Ba3 Rfe8 19.Rb1 g6 20.Nh2 Bc6 21.Qf3 Kg7 22.Qe3 Qa7 23.f4 exd4
24.Qxd4 Bd8 25.Qxa7 Rxa7 26.Bxd6  1/2-1/2

[Event "GER CupT"]
[Site "Germany"]
[Date "1993.??.??"]
[Round "?"]
[White "Vaganian, Rafael A"]
[Black "Huebner, Robert"]
[Result "1/2-1/2"]
[WhiteElo "2615"]
[BlackElo "2620"]

1.Nf3 Nf6 2.c4 e6 3.Nc3 b6 4.g3 Bb7 5.Bg2 c5 6.O-O Be7 7.d4 cxd4 8.Qxd4 d6
9.Rd1 a6 10.b3 Nbd7 11.e4 O-O 12.Ba3 Nc5 13.e5 dxe5 14.Qxd8 Rfxd8 15.Nxe5 Bxg2
16.Kxg2 Bf8 17.Bxc5 bxc5 18.f4 Rd6 19.Rxd6 Bxd6 20.Kf3 Bxe5 21.fxe5 Nd7 22.Kf4 Kf8
23.Rd1 Ke7 24.Na4 Ra7 25.g4 h6 26.Rd3 g5+ 27.Ke4 f6 28.exf6+ Nxf6+ 29.Kf3 Nd7
30.Ke2 Ne5 31.Rh3 Kd6 32.Rxh6 Nxg4 33.Rh8 Rf7 34.h3 Rf2+ 35.Ke1 Rh2 36.Rd8+ Ke7
37.Ra8 Rxh3 38.Nxc5 Rh1+ 39.Kd2 Rh2+ 40.Kc3 Rxa2 41.Ne4 e5 42.b4 Ne3 43.Ra7+ Ke6
44.Kb3 Ra1 45.Kb2 Rd1 46.c5 Rd4 47.Rxa6+ Ke7  1/2-1/2

[Event "GER CupT"]
[Site "Germany"]
[Date "1993.??.??"]
[Round "?"]
[White "Huebner, Robert"]
[Black "Muse, Mladen"]
[Result "1-0"]
[WhiteElo "2620"]
[BlackElo "2490"]

1.e4 c5 2.Nf3 Nc6 3.Bb5 e6 4.O-O Nge7 5.Re1 a6 6.Bf1 d5 7.exd5 Nxd5 8.d4 Nf6
9.Be3 Be7 10.c4 O-O 11.Nc3 cxd4 12.Nxd4 Qc7 13.Qf3 Bd6 14.h3 Ne5 15.Qe2 Ng6
16.Rad1 b6 17.Kh1 Bb4 18.Qc2 Bb7 19.Bg5 Kh8 20.Kg1 Rg8 21.a3 Bd6 22.Qc1 Bh2+
23.Kh1 Bf4 24.Bxf4 Nxf4 25.Qe3 g5 26.Nde2 Rg6 27.Nxf4 gxf4 28.Qe5 Qxe5 29.Rxe5 f3
30.g3 Rag8 31.Rd6 Rh6 32.Kg1 Bc8 33.Re3 Nd7 34.Nd5 Nc5 35.Ne7 Re8 36.Nxc8  1-0

[Event "Bundesliga 9293"]
[Site "Germany"]
[Date "1993.??.??"]
[Round "?"]
[White "Kuczynski, Robert"]
[Black "Huebner, Robert"]
[Result "1/2-1/2"]
[WhiteElo "2525"]
[BlackElo "2620"]

1.e4 e5 2.Nf3 Nc6 3.d4 exd4 4.Nxd4 Bc5 5.Be3 Qf6 6.c3 Nge7 7.Bc4 O-O 8.O-O b6
9.Nc2 Bb7 10.f4 d5 11.Bxc5 bxc5 12.e5 Qe6 13.Bd3 f6 14.exf6 Rxf6 15.Nd2 c4
16.Be2 Raf8 17.g3 Nd8 18.Nd4 Qb6 19.Qc1 Nf5 20.Nf3 Re8 21.Rf2 Nd6 22.Bf1 Ne4
23.Re2 Ne6 24.Qd1 Nxf4 25.gxf4 c5 26.Qa4 Rd8 27.Nc2 Qxb2 28.Qa3 Qxa3 29.Nxa3 Rxf4
30.Bg2 Rdf8 31.Re3 Rg4 32.Ne5 Rg5 33.Nf3 Rg6 34.Ne5 Rg5 35.Nf3  1/2-1/2

[Event "Groningen PCA"]
[Site "Groningen"]
[Date "1993.??.??"]
[Round "7"]
[White "Huebner, Robert"]
[Black "Chernin, Alexander"]
[Result "1/2-1/2"]
[WhiteElo "2605"]
[BlackElo "2615"]

1.e4 e6 2.d4 d5 3.Nc3 Nf6 4.Bg5 dxe4 5.Nxe4 Be7 6.Bxf6 Bxf6 7.Nf3 O-O 8.c3 Nd7
9.Qc2 e5 10.O-O-O exd4 11.Nxd4 Qe7 12.Bd3 h6 13.Rhe1 Nc5 14.Nxf6+ Qxf6 15.Bf5 Bxf5
16.Qxf5 Qxf5 17.Nxf5 Rfe8 18.Kc2 Kf8 19.b4 Rxe1 20.Rxe1 Ne6 21.Re5 Re8 22.a4 h5
23.g3 g6 24.Ne3 Rd8 25.f4 Ng7 26.Ra5 a6 27.f5 Re8 28.Kd3 Rd8+ 29.Ke2 Rd7
30.h4 gxf5 31.Rd5 Rxd5 32.Nxd5 Ne6 33.Nf6 f4 34.Nxh5 fxg3 35.Nxg3 c5 36.Nf5 cxb4
37.cxb4 Nf4+ 38.Kf3 Nd5 39.b5 axb5 40.axb5 Nc3 41.Nd6 Kg7 42.Kg4 b6 43.Kg5 f6+
44.Kg4  1/2-1/2

[Event "Garmisch"]
[Site "Garmisch"]
[Date "1994.??.??"]
[Round "4"]
[White "Huebner, Robert"]
[Black "Stangl, Markus"]
[Result "0-1"]
[WhiteElo "2605"]
[BlackElo "2535"]

1.e4 c5 2.Nf3 e6 3.Nc3 a6 4.g3 b5 5.Bg2 Bb7 6.Qe2 Nc6 7.O-O d6 8.a4 b4 9.Nd1 Nf6
10.d3 Be7 11.b3 O-O 12.Bb2 Nd7 13.Ne3 Bf6 14.Bxf6 Nxf6 15.Nc4 d5 16.Ncd2 dxe4
17.Nxe4 Nxe4 18.dxe4 e5 19.Qc4 Qe7 20.a5 Rac8 21.c3 bxc3 22.Qxc3 Nd4 23.Rfe1 Bc6
24.Nd2 Bb5 25.Nc4 Bxc4 26.Qxc4 Rc6 27.Re3 Rb8 28.Ra4 Rb4 29.Rxb4 cxb4 30.Qd5 g6
31.Bf1 Kg7 32.Bc4 Rc5 33.Qa8 Rxa5 34.Qb8 Ra2 35.f4 exf4 36.Qxf4 a5 37.e5 Nc6  0-1

[Event "Moscow ol (Men)"]
[Site "Moscow"]
[Date "1994.??.??"]
[Round "4"]
[White "Huebner, Robert"]
[Black "Nenashev, Alexander"]
[Result "1/2-1/2"]
[WhiteElo "2605"]
[BlackElo "2575"]

1.e4 e5 2.Nf3 Nc6 3.Bb5 a6 4.Bxc6 dxc6 5.O-O Bg4 6.h3 Bxf3 7.Qxf3 Bd6 8.d3 Ne7
9.Nd2 O-O 10.Nc4 Qd7 11.Qg4 f5 12.exf5 Nxf5 13.Bg5 Rae8 14.Ne3 Qe6 15.Rae1 Nd4
16.Qxe6+ Rxe6 17.Bh4 g5 18.Bg3 e4 19.dxe4 Rxe4 20.c3 Bxg3 21.fxg3 Rfe8 22.Kf2 Rf8+
23.Kg1 Rfe8 24.Kf2  1/2-1/2

[Event "SWZ-chT"]
[Site "SWZ"]
[Date "1994.??.??"]
[Round "1"]
[White "Huebner, Robert"]
[Black "Cvitan, Ognjen"]
[Result "1/2-1/2"]
[WhiteElo "2605"]
[BlackElo "2575"]

1.d4 Nf6 2.Nf3 g6 3.c4 Bg7 4.g3 d5 5.cxd5 Nxd5 6.Bg2 Nc6 7.Nc3 Nb6 8.e3 O-O
9.O-O Re8 10.d5 Na5 11.Nd4 Bd7 12.e4 c5 13.Nb3 Na4 14.Qf3 Rc8 15.Re1 Nc4
16.Nxa4 Bxa4 17.Qe2 Bb5 18.f4 Na3 19.Qd1 c4 20.e5 cxb3 21.bxa3 bxa2 22.Rxa2 Qa5
23.Bd2 Qa6 24.Bb4 Bc4 25.Rf2 b5 26.Qd4 Rcd8 27.Qc5 Qa4 28.Qc7 Bxd5 29.Bxe7 Rc8
30.Qd6 Bxg2 31.Kxg2 Qc4 32.Rd2 Rc7 33.Bd8 Rc8 34.Be7 Rc7 35.Bd8 Rc8  1/2-1/2

[Event "San Francisco"]
[Site "San Francisco"]
[Date "1995.??.??"]
[Round "8"]
[White "Gulko, Boris F"]
[Black "Huebner, Robert"]
[Result "1-0"]
[WhiteElo "2595"]
[BlackElo "2620"]

1.c4 e5 2.Nc3 Nf6 3.Nf3 Nc6 4.g3 Bb4 5.Bg2 O-O 6.O-O Bxc3 7.bxc3 Re8 8.d3 e4
9.Nd4 exd3 10.exd3 Nxd4 11.cxd4 d5 12.Bg5 c6 13.cxd5 cxd5 14.Qb3 b6 15.Bxf6 Qxf6
16.Qxd5 Ba6 17.Rfe1 Rad8 18.Qd7 Rf8 19.Qxa7 Bxd3 20.d5 Bc4 21.Qb7 Rd6 22.a4 g6
23.Rac1 b5 24.axb5 Rb6 25.Qc7 Bxb5 26.Rb1 Rfb8 27.Rb3 R8b7 28.Qc8+ Kg7 29.d6 Rb8
30.Qc5 Qxd6 31.Rxb5  1-0

[Event "SWZ-chT"]
[Site "SWZ"]
[Date "1995.??.??"]
[Round "4"]
[White "Huebner, Robert"]
[Black "Hug, Werner"]
[Result "1-0"]
[WhiteElo "2630"]
[BlackElo "2470"]

1.e4 e6 2.d4 d5 3.Nc3 Bb4 4.e5 c5 5.a3 Ba5 6.dxc5 Bxc3+ 7.bxc3 Qc7 8.Nf3 Nd7
9.Bb5 Ne7 10.O-O O-O 11.Re1 Nxc5 12.a4 Bd7 13.Ba3 Bxb5 14.axb5 Rfe8 15.c4 Rac8
16.cxd5 Nxd5 17.Qd4 h6 18.Qg4 Nd7 19.Bc1 Qxc2 20.Bxh6 Qh7 21.Bd2 Rc5 22.Rxa7 Rxb5
23.h4 Rb2 24.Qa4 N5b6 25.Qd4 Rb5 26.Rxb7 Rd5 27.Qb4 Qc2 28.Rc1 Qa2 29.Be3 Nc8
30.Bd4 Rd8 31.Rcc7 Qe2 32.Qa4 Nf8 33.Bc5 Rxe5 34.Nxe5 Qe1+ 35.Kh2 Qxe5+ 36.g3 Qf5
37.Qf4 Qxf4 38.gxf4  1-0

[Event "SUI-chT"]
[Site "SUI"]
[Date "1996.??.??"]
[Round "2"]
[White "Renet, Olivier"]
[Black "Huebner, Robert"]
[Result "1/2-1/2"]
[WhiteElo "2505"]
[BlackElo "2595"]

1.d4 Nf6 2.c4 e6 3.Nc3 Bb4 4.e3 O-O 5.Bd3 d5 6.Ne2 c5 7.cxd5 exd5 8.a3 cxd4
9.exd4 Bxc3+ 10.bxc3 b6 11.a4 Ba6 12.Bb5 Bxb5 13.axb5 a5 14.bxa6 Rxa6 15.Rxa6 Nxa6
16.Bg5 h6 17.Bh4 Nb8 18.O-O Nc6 19.Bxf6 Qxf6 20.Qb3 Re8 21.Ng3 Rd8 22.Qxb6 Rd6
23.Ne2 Ne7 24.Qc7  1/2-1/2

[Event "SUI-chT"]
[Site "SUI"]
[Date "1996.??.??"]
[Round "4"]
[White "Huebner, Robert"]
[Black "Hug, Werner"]
[Result "1/2-1/2"]
[WhiteElo "2595"]
[BlackElo "2445"]

1.e4 e6 2.d4 d5 3.Nc3 Bb4 4.e5 c5 5.a3 Ba5 6.b4 cxd4 7.Nb5 Bc7 8.f4 Nh6 9.Nf3 a5
10.Bd2 axb4 11.axb4 Rxa1 12.Qxa1 Bd7 13.Nxc7+ Qxc7 14.Bd3 Nf5 15.Nxd4 Qb6
16.Nxf5 exf5 17.b5 O-O 18.Qa5 Qc5 19.Ke2 d4 20.Ra1 Qd5 21.Kf2 Be6 22.Bb4 Rc8
23.Qb6 Nd7 24.Qd6 g6 25.Ra4 f6 26.Qxd5 Bxd5 27.exf6 Nxf6 28.Ba3 Be4 29.Rxd4 Bxd3
30.cxd3 Rc3 31.Be7 Ng4+ 32.Kg3 Kf7 33.Rd7 Ke6 34.Rxb7 Rxd3+ 35.Kh4 h6 36.Bf8 Nxh2
37.Bxh6 Ng4 38.Kg5 Nxh6 39.Kxh6 Rg3 40.Kg7 Rxg2 41.Rf7 Rg4 42.b6 Rxf4 43.b7 Rb4
44.Kxg6 Kd6 45.Kxf5 Kc6 46.Ke5 Rxb7 47.Rxb7 Kxb7 48.Kd5  1/2-1/2

[Event "SUI-chT"]
[Site "SUI"]
[Date "1996.??.??"]
[Round "8"]
[White "Kelecevic, Nedeljko"]
[Black "Huebner, Robert"]
[Result "1/2-1/2"]
[WhiteElo "2475"]
[BlackElo "2595"]

1.d4 Nf6 2.c4 e6 3.Nc3 Bb4 4.Bd2 d5 5.cxd5 exd5 6.Rc1 O-O 7.Bg5 c5 8.Nf3 Nc6
9.a3 Bxc3+ 10.bxc3 c4 11.e3 h6 12.Bh4 Qd6 13.Bxf6 Qxf6 14.Be2 Qd6 15.Ra1 Bd7
16.Nd2 f5 17.a4 Rae8 18.O-O f4 19.exf4 Rxf4 20.Bf3 Ref8 21.Qc1 Bg4 22.Qa3 Qd7
23.Bxg4 Qxg4 24.Rae1 Qf5 25.f3 Qd3 26.Qc1 a6 27.Rf2 b5 28.axb5 axb5 29.Ne4 dxe4
30.Re3 Nb4 31.Rxd3 Nxd3 32.Qb1 Nxf2 33.Kxf2 exf3 34.Qxb5 fxg2+ 35.Kxg2 Rf2+
36.Kg1 Rf1+ 37.Kg2 R1f2+ 38.Kg1 Rd2 39.Qxc4+ Kh8 40.Qb5 Ra8 41.Qb1 Raa2 42.Qf1 Kg8
43.h4 Rac2 44.h5 Re2 45.Kh1 Rh2+ 46.Kg1 Rxh5 47.Qd3 Rhh2 48.Qc4+ Kh7 49.Qd3+ Kh8
50.Qf3 Rhe2 51.Qf8+ Kh7 52.Kf1 Kg6 53.Qf3 h5 54.Qxe2 Rxe2 55.Kxe2 Kf5 56.c4 g5
57.c5 h4 58.c6 Ke6 59.d5+ Kd6 60.Kf3  1/2-1/2

[Event "Yerevan ol (Men)"]
[Site "Yerevan"]
[Date "1996.??.??"]
[Round "12"]
[White "Huebner, Robert"]
[Black "Aleksandrov, Aleksej"]
[Result "1/2-1/2"]
[WhiteElo "2595"]
[BlackElo "2550"]

1.c4 e6 2.g3 d5 3.Bg2 dxc4 4.Qa4+ Nd7 5.Qxc4 a6 6.Qc2 c5 7.Nf3 Ne7 8.O-O Nc6
9.b3 e5 10.Bb2 Be7 11.Nc3 O-O 12.Nd5 Bd6 13.Nh4 Nb6 14.Nxb6 Qxb6 15.Nf5 Nd4
16.Bxd4 cxd4 17.Nxd6 Qxd6 18.Rfc1 Rd8 19.Qc7 Rb8 20.Qxd6 Rxd6 21.Rc5 f6 22.Rac1 Bg4
23.Rc7 b6 24.Bf3 Bxf3 25.exf3 Rdd8 26.Kf1 d3 27.R1c6 a5 28.h4 h5 29.Ra7 Rbc8
30.Rxb6 Rc2 31.Rbb7 Rxd2 32.Rxg7+ Kh8 33.Rgd7 Rxd7 34.Rxd7 f5 35.Rd5 Rd1+
36.Kg2 d2 37.a3 Kg7 38.b4 axb4 39.axb4 Kf6 40.b5 Rb1 41.Rxd2 Rxb5 42.Rd6+ Kg7
43.Re6 Ra5 44.Rb6 Rc5 45.Rb4 Kg6 46.g4 fxg4 47.fxg4 hxg4 48.Rxg4+ Kh5 49.Kg3 Rc3+
50.f3 Rc5 51.Rg5+ Kh6 52.Kf2 Rc4 53.Rg4 Rc3 54.Re4 Kh5 55.Rxe5+  1/2-1/2

[Event "Bayern-chI Bank Hofmann"]
[Site "Bad Wiessee"]
[Date "1997.11.18"]
[Round "4"]
[White "Mesropov, Konstantin"]
[Black "Huebner, Robert"]
[Result "1/2-1/2"]
[WhiteElo "2430"]
[BlackElo "2580"]

1.e4 c5 2.Nc3 Nc6 3.g3 g6 4.Bg2 Bg7 5.d3 d6 6.Nge2 e6 7.O-O Nge7 8.Bg5 h6
9.Be3 Nd4 10.Rb1 O-O 11.b4 Nxe2+ 12.Nxe2 cxb4 13.Rxb4 d5 14.Qd2 Kh7 15.Bc5 Re8
16.Bxe7 Rxe7 17.exd5 exd5 18.Nf4 Be6 19.Nxe6 fxe6 20.d4 Rc8 21.c3 b6 22.h4 Qc7
23.Rb3 e5 24.dxe5 Qxe5 25.Qxd5 Qxd5 26.Bxd5 Rxc3 27.Rxc3 Bxc3 28.Rd1 Re1+
29.Rxe1 Bxe1  1/2-1/2

[Event "Bayern-chI Bank Hofmann"]
[Site "Bad Wiessee"]
[Date "1997.11.19"]
[Round "5"]
[White "Huebner, Robert"]
[Black "Iordachescu, Viorel"]
[Result "1/2-1/2"]
[WhiteElo "2580"]
[BlackElo "2500"]

1.e4 c6 2.d4 d5 3.e5 Bf5 4.Nf3 e6 5.Be2 Ne7 6.O-O Nd7 7.Be3 h6 8.Nbd2 Bh7
9.c4 Nf5 10.cxd5 cxd5 11.Qb3 Rb8 12.Rfc1 Be7 13.Nf1 Nxe3 14.fxe3 O-O 15.Bd3 Bxd3
16.Qxd3 Rc8 17.Ng3 Qa5 18.Ne2 Nb6 19.Rxc8 Rxc8 20.a4 Rc6 21.b3 Nd7 22.Rc1 Ba3
23.Ra1 Be7 24.Rc1 Ba3 25.Ra1 Be7  1/2-1/2

[Event "Bayern-chI Bank Hofmann"]
[Site "Bad Wiessee"]
[Date "1997.11.20"]
[Round "6"]
[White "Huebner, Robert"]
[Black "Kasimdzhanov, Rustam"]
[Result "0-1"]
[WhiteElo "2580"]
[BlackElo "2545"]

1.c4 e5 2.Nc3 Bb4 3.g3 Nf6 4.Bg2 O-O 5.Nf3 Nc6 6.O-O e4 7.Ng5 Bxc3 8.bxc3 Re8
9.d3 exd3 10.exd3 h6 11.Ne4 b6 12.Rb1 Bb7 13.Nc5 Bc8 14.Nb3 Bb7 15.c5 Qc8
16.d4 Ne7 17.Re1 Bxg2 18.Kxg2 Qa6 19.Qf3 Ned5 20.Re5 Qc4 21.Bb2 bxc5 22.Nd2 Qxa2
23.c4 Nb6 24.dxc5 Nxc4 25.Rxe8+ Rxe8 26.Bxf6 Nxd2 27.Qg4 Qd5+ 28.Kh3 Qe6
29.Qxe6 dxe6 30.Rb2 Nc4 31.Rb4 gxf6 32.Rxc4 Rb8 33.Rg4+ Kf8 34.Rh4 a5 35.Rxh6 Kg7
36.Rh4 Rh8  0-1

[Event "Bayern-chI Bank Hofmann"]
[Site "Bad Wiessee"]
[Date "1997.11.23"]
[Round "9"]
[White "Huebner, Robert"]
[Black "Flachsbart, Alexander"]
[Result "1-0"]
[WhiteElo "2580"]
[BlackElo "2175"]

1.e4 c5 2.Nf3 d6 3.d4 cxd4 4.Qxd4 Bd7 5.Bg5 Nc6 6.Qd2 g6 7.Nc3 Qa5 8.Bc4 Bg7
9.O-O Rc8 10.Bb3 Nf6 11.h3 h6 12.Bf4 Qh5 13.Nh2 Na5 14.Rfe1 O-O 15.e5 Ne8
16.Nd5 Nxb3 17.Nxe7+ Kh7 18.axb3 dxe5 19.Nxc8 Bxc8 20.Bg3 a6 21.Qc3  1-0

[Event "Cologne blind sim"]
[Site "Cologne"]
[Date "1997.??.??"]
[Round "?"]
[White "Huebner, Robert"]
[Black "Schoen, Wolfram"]
[Result "1-0"]
[WhiteElo "2580"]
[BlackElo "2410"]

1.d4 Nf6 2.Nf3 g6 3.g3 Bg7 4.Bg2 O-O 5.O-O d5 6.c4 Nc6 7.cxd5 Nxd5 8.e4 Nb6
9.d5 Na5 10.Qe1 Nac4 11.Nc3 e6 12.b3 Qf6 13.bxc4 Qxc3 14.Qxc3 Bxc3 15.Rb1 Nxc4
16.Bh6 Bg7 17.Bxg7 Kxg7 18.dxe6 Nb6 19.exf7 Rxf7 20.Nd4 c6 21.f4 Bd7 22.e5 Re8
23.h3 Bc8 24.Kh2 Nc4 25.Rfe1 Rd7 26.Nb3 Rde7 27.Rbd1 h5 28.Rd4 Nb6 29.Nc5 Bf5
30.Bf3 Rh8 31.Kg2 h4 32.g4 Bc8 33.Ne4 Be6 34.Nd6 Rf8 35.Rc1 Bd5 36.a4 Kh7
37.Re1 Bxf3+ 38.Kxf3 Nd7 39.Kg2 b6 40.Ne4 Kh8 41.Ng5 c5 42.Rde4 Kg7 43.Nf3 Nb8
44.Nxh4 Rh8 45.Kg3 Rd7 46.f5 gxf5 47.gxf5 Rd3+ 48.R1e3 Rd1 49.f6+ Kf7 50.e6+ Kxf6
51.Rf3+ Kg7 52.Rg4+  1-0

[Event "Cologne blind sim"]
[Site "Cologne"]
[Date "1997.??.??"]
[Round "?"]
[White "Huebner, Robert"]
[Black "Morawietz, Dieter"]
[Result "1/2-1/2"]
[WhiteElo "2580"]
[BlackElo "2445"]

1.e4 c5 2.Nf3 e6 3.Nc3 d6 4.g3 Nf6 5.Bg2 Be7 6.O-O O-O 7.e5 dxe5 8.Nxe5 Nbd7
9.Nc4 Nb6 10.d3 Nbd5 11.Re1 Nxc3 12.bxc3 Nd5 13.Bd2 Qc7 14.Ne5 Bf6 15.f4 Rb8
16.a4 b6 17.c4 Ne7 18.a5 Bb7 19.axb6 axb6 20.Ra7 Bxe5 21.fxe5 Nc6 22.Ra1 Nd4
23.Bc3 Bxg2 24.Kxg2 Qb7+ 25.Re4 Nf5 26.Qf3 Ra8 27.Ree1 Qb8 28.Rxa8 Qxa8 29.Qxa8 Rxa8
30.Kf3 Ra2 31.Ra1 Rxa1 32.Bxa1 Kf8 33.Ke4 Ke8 34.Bb2 Kd7 35.c3 Ne7 36.d4 f5+
37.exf6  1/2-1/2

[Event "Cologne blind sim"]
[Site "Cologne"]
[Date "1997.??.??"]
[Round "?"]
[White "Huebner, Robert"]
[Black "Walter, Karel"]
[Result "1-0"]
[WhiteElo "2580"]
[BlackElo "2135"]

1.e4 c5 2.Nf3 e6 3.c3 Nf6 4.e5 Nd5 5.d4 cxd4 6.cxd4 d6 7.Nc3 Nb6 8.Bd3 Nc6
9.O-O Nb4 10.Bg5 Be7 11.Bxe7 Qxe7 12.Ne4 dxe5 13.dxe5 O-O 14.Bb1 Rd8 15.Qe2 Bd7
16.a3 N4d5 17.g3 Bc6 18.Rd1 a5 19.Bc2 Nd7 20.Rac1 Nf8 21.Nd4 Be8 22.Bb3 Kh8
23.h4 f6 24.exf6 gxf6 25.Nc5 Rac8 26.Ncxe6 Rxc1 27.Rxc1 Bb5 28.Qxb5 Nxe6
29.Nxe6 Qxe6 30.Rd1  1-0

[Event "Cologne blind sim"]
[Site "Cologne"]
[Date "1997.??.??"]
[Round "?"]
[White "Huebner, Robert"]
[Black "Novak, Petr"]
[Result "1-0"]
[WhiteElo "2580"]
[BlackElo "2185"]

1.e4 e6 2.d4 d5 3.Nc3 Bb4 4.e5 c5 5.a3 Bxc3+ 6.bxc3 Ne7 7.Nf3 Nbc6 8.a4 Qa5
9.Qd2 Bd7 10.Ba3 cxd4 11.cxd4 Qxd2+ 12.Kxd2 Na5 13.Bd3 Rc8 14.Rhb1 f6 15.Bb4 Nec6
16.Bc3 O-O 17.exf6 gxf6 18.Re1 Rf7 19.Ke2 b6 20.Kf1 Nb7 21.Bd2 Nca5 22.Bc1 Nc4
23.Nd2 Nba5 24.Nb3 Nc6 25.c3 N6a5 26.Nxa5 Nxa5 27.Bb2 Rg7 28.Re2 Re8 29.Ba3 Rc8
30.Bb4 Nc4 31.Bxc4 Rxc4 32.a5 Bb5 33.axb6 a6 34.Ke1 Rc6 35.Bc5 Bxe2 36.Kxe2 Rb7
37.Rxa6 Kf7 38.f4 Rc8 39.Kd3 Ke8 40.Bd6 Kd7 41.Bc7 Rg8 42.Ra2 f5 43.c4 dxc4+
44.Kxc4 Rc8 45.Kd3 Rg8 46.d5 exd5 47.Kd4 h5 48.Kxd5 h4 49.Ke5 Rf8 50.Rd2+ Kc6
51.Rd6+ Kc5 52.Rg6 Kc4 53.Rg5 Rf7 54.Rxf5 Rfxc7 55.bxc7 Rxc7 56.Rg5 h3 57.gxh3 Rh7
58.f5 Rxh3 59.f6  1-0

[Event "EU-chT (Men)"]
[Site "Pula"]
[Date "1997.??.??"]
[Round "4"]
[White "Huebner, Robert"]
[Black "Grivas, Efstratios"]
[Result "1-0"]
[WhiteElo "2600"]
[BlackElo "2510"]

1.d4 Nf6 2.Nf3 g6 3.g3 Bg7 4.Bg2 O-O 5.O-O d6 6.c4 Nc6 7.Nc3 Bf5 8.Ne1 Qd7
9.e4 Bh3 10.Nc2 Bxg2 11.Kxg2 e5 12.d5 Ne7 13.f4 exf4 14.Bxf4 Ng4 15.Qd2 Kh8
16.Nd4 Ne5 17.b3 Ng8 18.Nf3 Nxf3 19.Rxf3 Rae8 20.Re1 a6 21.h3 h6 22.Be3 f5
23.Bd4 fxe4 24.Rxf8 Rxf8 25.Rxe4 Kh7 26.Ne2 Re8 27.Rxe8 Qxe8 28.Qd3 Qf7 29.Nf4 Bxd4
30.Qxd4 Qf6 31.Qxf6 Nxf6 32.Ne6 Ne8 33.b4 b6 34.Kf3 Kg8 35.a4 Kf7 36.Nd8+ Ke7
37.Nc6+ Kd7 38.a5 Nf6 39.b5 axb5 40.a6 Kc8 41.Ne7+ Kb8 42.cxb5 g5 43.Ke3 h5
44.Kd4 h4 45.gxh4 gxh4 46.Ke3  1-0

[Event "SWZ-chT9697"]
[Site "SWZ"]
[Date "1997.??.??"]
[Round "?"]
[White "Kortschnoj, Viktor"]
[Black "Huebner, Robert"]
[Result "1/2-1/2"]
[WhiteElo "2635"]
[BlackElo "2600"]

1.c4 e5 2.Nc3 Nf6 3.Nf3 Nc6 4.a3 g6 5.d4 exd4 6.Nxd4 Bg7 7.Bg5 h6 8.Bh4 O-O
9.e3 Nxd4 10.Qxd4 d6 11.Be2 g5 12.Bg3 Bf5 13.Qd2 Ne4 14.Nxe4 Bxe4 15.O-O a5
16.Bd3 Qe7 17.Rad1 a4 18.Qc2 Bxd3 19.Rxd3 b6 20.Rd5 Rfe8 21.Rfd1 Qe4 22.R1d3 Qg6
23.h4 gxh4 24.Bxh4 Re5 25.Rxe5 Bxe5 26.e4 Kh7 27.f3 Rg8 28.Be1 Qh5 29.g4 Qg5
30.Bc3 h5 31.Bxe5 Qxe5 32.Rd5 Qg3+ 33.Qg2 Qe1+ 34.Kh2 Qh4+ 35.Qh3 Qxh3+ 36.Kxh3 hxg4+
37.fxg4 Re8 38.Rd4 Kg6 39.Kg3 Kf6 40.Kf4 Rh8 41.c5 bxc5 42.Rxa4 Rh2 43.b4 cxb4
44.axb4 Ke6 45.Ra8 Rb2 46.Re8+ Kd7 47.Rf8 Ke7  1/2-1/2

[Event "Elista ol (Men)"]
[Site "Elista"]
[Date "1998.10.06"]
[Round "8"]
[White "Brynell, Stellan"]
[Black "Huebner, Robert"]
[Result "0-1"]
[WhiteElo "2485"]
[BlackElo "2575"]

1.e4 c5 2.Nf3 Nc6 3.c3 d5 4.exd5 Qxd5 5.d4 Nf6 6.Be2 Bg4 7.c4 Qd7 8.d5 Bxf3
9.Bxf3 Nd4 10.O-O e5 11.dxe6 fxe6 12.Nc3 Rd8 13.Ne4 Be7 14.Nxf6+ Bxf6 15.Be4 O-O
16.Be3 b6 17.Qh5 g6 18.Qg4 Nf5 19.Bxf5 exf5 20.Qe2 Qd3 21.Qxd3 Rxd3 22.Rab1 Bd4
23.Rfe1 Bxe3 24.Rxe3 Rxe3 25.fxe3 Rd8 26.Kf2 Rd2+ 27.Kf3 Kf7 28.a3 Rc2 29.b3 Ke6
30.h4 h6 31.g4 fxg4+ 32.Kxg4 Ke5 33.Kf3 Rc3 34.a4 a5 35.Rd1 Rxb3 36.Rd5+ Ke6
37.h5 g5 38.Rd8 Rb4 39.Rh8 Kf5 40.Rxh6 g4+ 41.Kg3 Kg5 42.Rh8 Rxc4 43.h6 Rb4
44.h7 Kh6 45.e4 Rxe4 46.Rb8 Kxh7 47.Rxb6 Rxa4 48.Rb5 Rc4 49.Rxa5 Kg6 50.Ra8 Re4  0-1